| 000 -LEADER |
| fixed length control field |
00526cam a22001337a 4500 |
| 008 - FIXED-LENGTH DATA ELEMENTS--GENERAL INFORMATION |
| fixed length control field |
180718b1998 xxu||||| |||| 00| 0 eng d |
| 082 ## - DEWEY DECIMAL CLASSIFICATION NUMBER |
| Classification number |
Q39x54 M277/6 |
| 245 ## - TITLE STATEMENT |
| Title |
Multi-disaster state response strategy |
| Statement of responsibility, etc. |
by Emergency Earthquake Rehabilition Progamme, Maharashtra |
| 260 ## - PUBLICATION, DISTRIBUTION, ETC. |
| Place of publication, distribution, etc. |
Mumbai |
| Name of publisher, distributor, etc. |
Emergency Earthquake Rehabilition Progamme |
| Date of publication, distribution, etc. |
1998 |
| 300 ## - PHYSICAL DESCRIPTION |
| Extent |
69p. |
| 500 ## - GENERAL NOTE |
| General note |
Maharashtra Disaster management Plan |
| 650 ## - SUBJECT ADDED ENTRY--TOPICAL TERM |
| Topical term or geographic name entry element |
Disaster management Plan-Maharashtra |
| 700 ## - ADDED ENTRY--PERSONAL NAME |
| Personal name |
Maharashtra. Emergency Earthquake Rehabilition Progamme |